000 00510ntaaa2200193 4500
003 01
005 20251027202952.0
008 0714s1973 ag 01
040 _aAR-BaBN
_bspa
_cAR-BaBN
_eaacr
_dRIC
082 _a973.5000 W69
100 _aWilson, Woodrow
_916824
245 _aEpochs of American history
250 _a1 ed.
260 _aNew York :
_bLongmans, Green and Co,
_cc1918
300 _axx, 389 p ;
_cmapas
650 _aU.S.A.-historia
650 _ahistoria norteamericana
_930596
942 _cBK
999 _c25074
_d25074